000 00514cam a2200145 4500500
005 20260322014030.0
041 _afre
042 _adc
100 1 0 _aGuidon-Le Brun, Maryvonne
_eauthor
245 0 0 _aPenalizing an employee who does not wear PPE
260 _c2026.
500 _a10
786 0 _nChemical risk prevention manager | - | 2026-03-11 | p. 78-78
856 4 1 _uhttps://stm.cairn.info/chemical-risk-management-health-and-safety-at-work--bdti22743210-fic0183-page-78?lang=en&redirect-ssocas=7080
999 _c1785701
_d1785701